|
|
|
|
| LEADER |
00806nam a22001937a 4500 |
| 005 |
20151026130356.0 |
| 008 |
091027t xxu||||| |||| 00| 0 eng d |
| 020 |
|
|
|a 0-19-516007-X
|
| 080 |
|
|
|a 343.915(73)
|b HEI
|
| 100 |
|
|
|a Heilbrun, Kirk [ed.]
|e ed. by
|9 8789
|
| 245 |
|
|
|a Juvenile delinquency:
|b prevention assessment, and intervention
|
| 260 |
|
|
|a New York
|b Oxford University Press
|c 2005
|9 6804
|
| 300 |
|
|
|a xiv, 342p.
|
| 653 |
|
|
|a Juvenile delinquency-United States
|a Juvenile corrections--United States
|a Juvenile delinquency-prevention
|
| 700 |
|
|
|a Sevin Goldstein, Naomi E. [ed.]
|9 8790
|
| 700 |
|
|
|a Redding, Richard E. [ed.]
|9 8791
|
| 942 |
|
|
|c BK
|6 _
|
| 999 |
|
|
|c 4033
|d 4033
|
| 952 |
|
|
|0 0
|1 0
|2 udc
|4 0
|6 34391573_HEI
|7 0
|9 15081
|a UL
|b UL
|d 2009-10-27
|l 8
|o 343.915(73) HEI
|p 00055859
|r 2014-03-26
|s 2014-03-11
|w 2009-10-27
|y BK
|